Český kras

Korporativní autor: Okresní vlastivědné muzeum (Beroun, Česko)
Další autoři: Muzeum Českého krasu (Beroun, Česko)
Jazyk: Čeština
Angličtina
Vydáno: Beroun : Okresní muzeum, 1976-
Beroun : Muzeum Českého krasu ;Zlatý kůň
Beroun : Muzeum Českého krasu
Témata:
Fyzický popis: ^^^svazků : ilustrace (převážně barevné), mapy, portréty, plány, faksimile ; 21-30 cm
Odebírané svazky: 18(1993)-20(1994), 24(1998)-51(2025)-
Language note: Částečně souběžný anglický text
Uloženo v:
LEADER 09817nas a2201561 i 4500
001 nkc20050167286
003 CZ PrNK
005 20260227074727.0
007 ta
008 961002c19769999xr ar e 0 b0cze
015 |a cnb000167286  |z cnb000060553  |z cnb000066183  |z cnb000078531  |z cnb000087908  |z cnb001174759 
022 |a 1211-1643 
035 |a (OCoLC)85013877 
035 |a (OCoLC)39574709 
035 |a (OCoLC)39562755 
035 |a (OCoLC)39563473 
035 |a (OCoLC)39575203 
040 |a ABA001  |b cze  |d BOA001  |d OLA001  |e rda 
041 1 |a cze  |a eng  |h cze 
043 |a e-xr---  |b e-xr-cc  |2 czenas 
072 7 |a 551  |x Geologie. Meteorologie. Klimatologie  |2 Konspekt  |9 7 
080 |a 550.86  |2 MRF 
080 |a 551.442  |2 MRF 
080 |a 551.44  |2 MRF 
080 |a 56  |2 MRF 
080 |a 902:904  |2 MRF 
080 |a 903.2  |2 MRF 
080 |a 502.2  |2 MRF 
080 |a (437.31-191.2)  |2 MRF 
080 |a (082)  |2 MRF 
210 1 |a Čes. kras 
222 0 |a Český kras 
245 0 0 |a Český kras 
264 1 |a Beroun :  |b Okresní muzeum,  |c 1976- 
264 2 1 |3 1994-2003  |a Beroun :  |b Muzeum Českého krasu ;  |a [Praha] :  |b Zlatý kůň 
264 3 1 |3 2004-  |a Beroun :  |b Muzeum Českého krasu 
300 |a ^^^svazků :  |b ilustrace (převážně barevné), mapy, portréty, plány, faksimile ;  |c 21-30 cm 
310 |a 1x ročně 
336 |a text  |b txt  |2 rdacontent 
337 |a bez média  |b n  |2 rdamedia 
338 |a svazek  |b nc  |2 rdacarrier 
362 0 |a I- 
500 |a V některých ročnících s podnázvem, který se mírně mění: sborník pro speleologický výzkum, sborník pro regionální výzkum, časopis pro regionální výzkum 
500 |a Některé svazky mají ISBN 
515 |a Způsob číslování svazků se v průběhu vydávání mění 
541 |c pv-r 
546 |a Částečně souběžný anglický text 
650 0 7 |a paleontologický výzkum  |7 ph162636  |z Česko  |2 czenas 
650 0 7 |a jeskyně  |7 ph121342  |z Česko  |2 czenas 
650 0 7 |a speleologie  |7 ph125905  |2 czenas 
650 0 7 |a paleontologie  |7 ph115649  |2 czenas 
650 0 7 |a archeologické nálezy  |7 ph137683  |z Česko  |2 czenas 
650 0 9 |a paleontological research  |2 eczenas 
650 0 9 |a caves  |2 eczenas 
650 0 9 |a speleology  |2 eczenas 
650 0 9 |a paleontology  |2 eczenas 
650 0 9 |a antiquities  |z Czechia  |2 eczenas 
651 7 |a Český kras (Česko)  |7 ge128623  |x přírodní poměry  |2 czenas 
651 9 |a Bohemian Karst (Czechia)  |x natural conditions  |2 eczenas 
655 7 |a sborníky  |7 fd163935  |2 czenas 
655 9 |a papers of several authors  |2 eczenas 
710 2 |a Okresní vlastivědné muzeum (Beroun, Česko)  |7 xx0164421  |4 aut  |4 isb 
710 2 |a Muzeum Českého krasu (Beroun, Česko)  |7 ko2003171813  |4 aut  |4 isb 
902 |a 80-85304-28-7  |q (XIX ;  |q Zlatý kůň ;  |q brožováno) 
902 |a 80-85304-32-5  |q (XX ;  |q Zlatý kůň ;  |q brožováno) 
902 |a 80-85304-36-8  |q (XXI ;  |q Zlatý kůň ;  |q brožováno) 
902 |a 80-902098-0-7  |q (XXII ;  |q Muzeum České krasu ;  |q brožováno) 
902 |a 80-902098-1-5  |q (XXIII ;  |q Muzeum České krasu ;  |q brožováno) 
902 |a 80-902098-2-3  |q (XXIV ;  |q Muzeum České krasu ;  |q brožováno) 
902 |a 80-902098-3-1  |q (XXV ;  |q Muzeum České krasu ;  |q brožováno) 
902 |a 80-902098-4-X  |q (XXVI ;  |q Muzeum České krasu ;  |q brožováno) 
902 |a 80-902098-5-8  |q (XXVII ;  |q Muzeum České krasu ;  |q brožováno) 
902 |a 80-902098-6-6  |q (XXVIII ;  |q Muzeum České krasu ;  |q brožováno) 
902 |a 80-902098-7-4  |q (XXIX ;  |q Muzeum České krasu ;  |q brožováno) 
902 |a 80-902098-8-2  |q (XXX ;  |q Muzeum České krasu ;  |q v knize neuvedeno ;  |q brožováno)  |z 80-902098-7-4 
902 |a 80-903477-0-3  |q (XXXI ;  |q Muzeum České krasu ;  |q brožováno) 
902 |a 80-903477-1-1  |q (XXXII ;  |q Muzeum České krasu ;  |q brožováno) 
902 |a 978-80-903477-2-4  |q (XXXIII ;  |q Muzeum České krasu ;  |q brožováno) 
902 |a 978-80-903477-3-1  |q (XXXIV ;  |q Muzeum České krasu ;  |q brožováno) 
902 |a 978-80-903477-4-8  |q (XXXV ;  |q Muzeum České krasu ;  |q brožováno) 
902 |a 978-80-903477-5-5  |q (XXXVI ;  |q Muzeum České krasu ;  |q brožováno) 
902 |a 978-80-903477-8-6  |q (XXXVII ;  |q Muzeum České krasu ;  |q brožováno)  |z 978-80-903477-5-6 
902 |a 978-80-87708-01-9  |q (XXXVIII ;  |q Muzeum České krasu ;  |q brožováno) 
902 |a 978-80-87708-04-0  |q (XXXIX ;  |q Muzeum České krasu ;  |q brožováno) 
902 |a 978-80-87708-05-7  |q (XL ;  |q Muzeum České krasu ;  |q brožováno) 
902 |a 978-80-87708-07-1  |q (XLI ;  |q Muzeum České krasu ;  |q brožováno) 
902 |a 978-80-87708-08-8  |q (XLII ;  |q Muzeum České krasu ;  |q brožováno) 
902 |a 978-80-87708-10-1  |q (XLIII ;  |q Muzeum České krasu ;  |q brožováno) 
902 |a 978-80-87708-11-8  |q (XLIV ;  |q Muzeum České krasu ;  |q brožováno) 
902 |a 978-80-87708-13-2  |q (XLV ;  |q Muzeum České krasu ;  |q brožováno) 
902 |a 978-80-87708-14-9  |q (XLVI ;  |q Muzeum České krasu ;  |q brožováno) 
902 |a 978-80-87708-15-6  |q (XLVII ;  |q Muzeum České krasu ;  |q brožováno) 
902 |a 978-80-87708-18-7  |q (XLVIII ;  |q Muzeum České krasu ;  |q brožováno) 
902 |a 978-80-87708-19-4  |q (XLIX ;  |q Muzeum České krasu ;  |q brožováno) 
902 |a 978-80-87708-20-0  |q (L ;  |q Muzeum České krasu ;  |q brožováno) 
902 |a 978-80-87708-21-7  |q (51 ;  |q Muzeum České krasu ;  |q brožováno) 
910 2 |a BOA001  |b 00126-0996.112  |s 18(1993)-20(1994), 24(1998)-51(2025)- 
920 |a 000349586 
928 9 |a Okresní muzeum v Berouně 
990 |a SE 
995 |a 01 
991 |b 202307 
996 6 |b 2610002029  |c 00126-0996.112  |d 1993 18  |v 18  |y 1993  |l MZK  |r Sklad / do 1 hodiny  |n 2  |w 000349586  |u 000010  |a 1  |e BOA001  |j MZK50  |s P 
996 6 |b 2610011968  |c 00126-0996.112  |d 1994 19  |v 19  |y 1994  |l MZK  |r Sklad / do 1 hodiny  |n 2  |w 000349586  |u 000020  |a 1  |e BOA001  |j MZK50  |s P 
996 6 |b 2610022546  |c 00126-0996.112  |d 1994 20  |v 20  |y 1994  |l MZK  |r Sklad / do 1 hodiny  |n 2  |w 000349586  |u 000030  |a 1  |e BOA001  |j MZK50  |s P 
996 6 |b 2610076311  |c 00126-0996.112  |d 1998 24  |v 24  |y 1998  |l MZK  |r Sklad / do 1 hodiny  |n 2  |p p.v.  |w 000349586  |u 000040  |a 1  |e BOA001  |j MZK50  |s P 
996 6 |b 2610094271  |c 00126-0996.112  |d 1999 25  |v 25  |y 1999  |l MZK  |r Sklad / do 1 hodiny  |n 4  |p p.v.  |w 000349586  |u 000050  |a 1  |e BOA001  |j MZK50  |s P 
996 6 |b 2610143792  |c 00126-0996.112  |d 2000 26  |v 26  |y 2000  |l MZK  |r Sklad / do 1 hodiny  |n 1  |p p.v.  |w 000349586  |u 000060  |a 1  |e BOA001  |j MZK50  |s P 
996 6 |b 2610151002  |c 00126-0996.112  |d 2001 27  |v 27  |y 2001  |l MZK  |r Sklad / do 1 hodiny  |n 1  |p p.v.  |w 000349586  |u 000070  |a 1  |e BOA001  |j MZK50  |s P 
996 6 |b 2610178290  |c 00126-0996.112  |d 2002 28  |v 28  |y 2002  |l MZK  |r Sklad / do 1 hodiny  |n 2  |p p.v.  |w 000349586  |u 000080  |a 1  |e BOA001  |j MZK50  |s P 
996 6 |b 2610207605  |c 00126-0996.112  |d 2003 29  |v 29  |y 2003  |l MZK  |r Sklad / do 1 hodiny  |n 0  |p p.v.  |w 000349586  |u 000090  |a 1  |e BOA001  |j MZK50  |s P 
996 6 |b 2610235077  |c 00126-0996.112  |d 2004 30  |v 30  |y 2004  |l MZK  |r Sklad / do 1 hodiny  |n 0  |p p.v.  |w 000349586  |u 000100  |a 1  |e BOA001  |j MZK50  |s P 
996 6 |b 2610269893  |c 00126-0996.112  |d 2005 31  |v 31  |y 2005  |l MZK  |r Sklad / do 1 hodiny  |n 0  |p p.v.  |w 000349586  |u 000110  |a 1  |e BOA001  |j MZK50  |s P 
996 6 |b 2610302773  |c 00126-0996.112  |d 2006 32  |v 32  |y 2006  |l MZK  |r Sklad / do 1 hodiny  |n 1  |p p.v.  |w 000349586  |u 000120  |a 1  |e BOA001  |j MZK50  |s P 
996 6 |b 2610335072  |c 00126-0996.112  |d 2007 33  |v 33  |y 2007  |l MZK  |r Sklad / do 1 hodiny  |n 1  |p p.v.  |w 000349586  |u 000130  |a 1  |e BOA001  |j MZK50  |s P 
996 6 |b 2610364110  |c 00126-0996.112  |d 2008 34  |v 34  |y 2008  |l MZK  |r Sklad / do 1 hodiny  |n 0  |p p.v.  |w 000349586  |u 000140  |a 1  |e BOA001  |j MZK50  |s P 
996 6 |b 2610412477  |c 00126-0996.112  |d 2009 35  |v 35  |y 2009  |l MZK  |r Sklad / do 1 hodiny  |n 0  |p p.v.  |w 000349586  |u 000150  |a 1  |e BOA001  |j MZK50  |s P 
996 6 |b 2610469491  |c 00126-0996.112  |d 2010 36  |v 36  |y 2010  |l MZK  |r Sklad / do 1 hodiny  |n 2  |p p.v.  |w 000349586  |u 000160  |a 1  |e BOA001  |j MZK50  |s P 
996 6 |b 2610503320  |c 00126-0996.112  |d 2011 37  |v 37  |y 2011  |l MZK  |r Sklad / do 1 hodiny  |n 1  |p p.v.  |w 000349586  |u 000170  |a 1  |e BOA001  |j MZK50  |s P 
996 6 |b 2610539142  |c 00126-0996.112  |d 2012 38  |v 38  |y 2012  |l MZK  |r Sklad / do 1 hodiny  |n 0  |p p.v.  |w 000349586  |u 000180  |a 1  |e BOA001  |j MZK50  |s P 
996 6 |b 2610578840  |c 00126-0996.112  |d 2013 39  |v 39  |y 2013  |l MZK  |r Sklad / do 1 hodiny  |n 1  |p p.v.  |w 000349586  |u 000190  |a 1  |e BOA001  |j MZK50  |s P 
996 6 |b 2610621835  |c 00126-0996.112  |d 2014 40  |v 40  |y 2014  |l MZK  |r Sklad / do 1 hodiny  |n 0  |p p.v.  |w 000349586  |u 000200  |a 1  |e BOA001  |j MZK50  |s P 
996 6 |b 2610657844  |c 00126-0996.112  |d 2015 41  |v 41  |y 2015  |l MZK  |r Sklad / do 1 hodiny  |n 0  |p p.v.  |w 000349586  |u 000210  |a 1  |e BOA001  |j MZK50  |s P 
996 6 |b 2610693895  |c 00126-0996.112  |d 2016 42  |v 42  |y 2016  |l MZK  |r Sklad / do 1 hodiny  |n 0  |p p.v.  |w 000349586  |u 000220  |a 1  |e BOA001  |j MZK50  |s P 
996 6 |b 2610733052  |c 00126-0996.112  |d 2017 43  |v 43  |y 2017  |l MZK  |r Sklad / do 1 hodiny  |n 0  |p p.v.  |w 000349586  |u 000230  |a 1  |e BOA001  |j MZK50  |s P 
996 6 |b 2610766892  |c 00126-0996.112  |d 2018 44  |v 44  |y 2018  |l MZK  |r Sklad / do 1 hodiny  |n 0  |p p.v.  |w 000349586  |u 000240  |a 1  |e BOA001  |j MZK50  |s P 
996 6 |b 2610828313  |c 00126-0996.112  |d 2019 45  |v 45  |y 2019  |l MZK  |r Sklad / do 1 hodiny  |n 0  |p p.v.  |w 000349586  |u 000250  |a 1  |e BOA001  |j MZK50  |s P 
996 6 |b 2610849924  |c 00126-0996.112  |d 2020 46  |v 46  |y 2020  |l MZK  |r Sklad / do 1 hodiny  |n 0  |p p.v.  |w 000349586  |u 000260  |a 1  |e BOA001  |j MZK50  |s P 
996 6 |b 2610894829  |c 00126-0996.112  |d 2021 47  |v 47  |y 2021  |l MZK  |r Sklad / do 1 hodiny  |n 0  |p p.v.  |w 000349586  |u 000270  |a 1  |e BOA001  |j MZK50  |s P 
996 6 |b 2610940893  |c 00126-0996.112  |d 2022 48  |v 48  |y 2022  |l MZK  |r Sklad / do 1 hodiny  |n 0  |p p.v.  |w 000349586  |u 000280  |a 1  |e BOA001  |j MZK50  |s P 
996 6 |b 2610968660  |c 00126-0996.112  |d 2023 49  |v 49  |y 2023  |l MZK  |r Sklad / do 1 hodiny  |n 0  |p p.v.  |w 000349586  |u 000290  |a 1  |e BOA001  |j MZK50  |s P 
996 6 |b 2610990950  |c 00126-0996.112  |d 2024 50  |v 50  |y 2024  |l MZK  |r Sklad / do 1 hodiny  |n 0  |p p.v.  |w 000349586  |u 000300  |a 1  |e BOA001  |j MZK50  |s P 
996 6 |b 2611021699  |c 00126-0996.112  |d 2025 51  |v 51  |y 2025  |l MZK  |r Sklad / do 1 hodiny  |n 0  |p p.v.  |w 000349586  |u 000310  |a 1  |e BOA001  |j MZK50  |s P